| 000 | 00399nam a2200145 a 4500 | ||
|---|---|---|---|
| 005 | 20210219152715.0 | ||
| 008 | 991125n oax 000 0 spa u | ||
| 035 | _aUPN01000059332 | ||
| 049 | _aAcervo histórico | ||
| 245 | 0 | _aALBORADA ROJA | |
| 260 |
_aOaxaca, Oaxaca, México : _bOrgano de la Dirección de Educación Federal |
||
| 362 | _a1935 1 (2) | ||
| 904 |
_aAC _b000064 |
||
| 905 | _aRevista | ||
| 999 |
_c59329 _d59329 |
||